=LDR 00000nam 2200000 4500 =001 INLIS000000000028808 =005 20130612131104 =008 ***********************************Ind** =035 ##$$0010-061300000028808 =041 ##$$a Ind =082 ##$$a F Rom D =090 ##$$a F Rom D, Hud m =100 ##$$a Huda, Nurul F =245 ##$$a Muslimah apartement, ditaksir Ikhwan, Nurul F. Huda =260 ##$$a 2004 $b Bandung =300 ##$$a v, 147 hlm, 20 cm =650 ##$$a Fiksi Dewasa Indonesia =850 ##$$a NBPNMAT =990 ##$$a 0001/BPAP-NTB/2016